书目信息 |
| 题名: |
少年儿童电子琴初级教程
|
|
| 作者: | 万宝柱 编著 | |
| 分册: | ||
| 出版信息: | 北京 北京体育学院出版社 1987.11 |
|
| 页数: | 43页 | |
| 开本: | 26厘米 | |
| 丛书名: | ||
| 单 册: | ||
| 中图分类: | J628.1 | |
| 科图分类: | ||
| 主题词: | 电子乐器-奏法--初级--教材 , 奏法-电子乐器--初级--教材 | |
| 电子资源: | ||
| ISBN: | 7-81003-043-4 | |
| 000 | 00792nam0 2200241 45 | |
| 001 | 0188017558 | |
| 005 | 20061116171112.10 | |
| 010 | @a7-81003-043-4@dCNY1.45 | |
| 020 | @aCN@b88017558 | |
| 100 | @a19910417d1987 m y0chiy0120 ea | |
| 101 | 0 | @achi |
| 102 | @aCN@b110000 | |
| 105 | @ag z 000yy | |
| 200 | 10 | @a少年儿童电子琴初级教程@Ashao nian er tong dian zi qin chu ji jiao cheng@f万宝柱编著@Fwan bao zhu bian zhu |
| 210 | @a北京@c北京体育学院出版社@d1987.11 | |
| 215 | @a43页@d26厘米 | |
| 540 | 1 | @a少年儿童电子琴初级教程@Ashao nian er tong dian zi qin chu ji jiao cheng |
| 606 | @a电子乐器-奏法@x初级@x教材 | |
| 606 | @a奏法-电子乐器@x初级@x教材 | |
| 690 | @aJ628.1@v1980 | |
| 701 | 0 | @a万宝柱@Awan bao zhu@4编著 |
| 801 | 0 | @aCN@bTSSF@c20061116 |
| 905 | @a10447@dJ628.1@e53:1 | |
| 少年儿童电子琴初级教程/万宝柱编著.-北京:北京体育学院出版社,1987.11 |
| 43页;26厘米 |
| ISBN 7-81003-043-4:CNY1.45 |
| ● |
| 相关链接 |
|
|
|
|
正题名:少年儿童电子琴初级教程
索取号:J628.1/53:1
 
预约/预借
| 序号 | 登录号 | 条形码 | 馆藏地/架位号 | 状态 | 备注 |
| 1 | 0262482 | 001470205 | 第一样本阅览室/ [索取号:J628.1/53:1] | 在馆 |